Baharon ki manzil : (Record no. 44975)

MARC details
000 -LEADER
fixed length control field 01396njm a22002657a 4500
005 - DATE AND TIME OF LATEST TRANSACTION
control field 20100910100738.0
007 - PHYSICAL DESCRIPTION FIXED FIELD--GENERAL INFORMATION
fixed length control field sd ammalaaahaa
008 - FIXED-LENGTH DATA ELEMENTS--GENERAL INFORMATION
fixed length control field 100910t xxu||||| |||| 00| 0 hin d
028 ## - PUBLISHER NUMBER
Publisher number N. 55675
Source His Master's Voice
035 ## - SYSTEM CONTROL NUMBER
System control number GR-01843
040 ## - CATALOGING SOURCE
Original cataloging agency SED/VEN
100 ## - MAIN ENTRY--PERSONAL NAME
Personal name Mangeshkar, Lata
9 (RLIN) 19310
245 ## - TITLE STATEMENT
Title Baharon ki manzil :
Statement of responsibility, etc by Lata Mangeshkar ; music by Laxmikant Pyarelal ; lyric by Majrooh
Medium [sound recording] :
Remainder of title Hindustani /
246 ## - VARYING FORM OF TITLE
Title proper/short title बहारों की मंजिल (लता मंगेशकर )
260 ## - PUBLICATION, DISTRIBUTION, ETC. (IMPRINT)
Place of publication, distribution, etc Dum Dum India
Name of publisher, distributor, etc His Master's Voice
Date of publication, distribution, etc 1968
300 ## - PHYSICAL DESCRIPTION
Extent 1 sound disc [Gramophone record] :
Other physical details analog, 33 1/3 rpm
Dimensions 10 in.
Type of unit Gramophone Record
500 ## - GENERAL NOTE
General note Brief Record
505 ## - FORMATTED CONTENTS NOTE
Formatted contents note Yeh daman ab part 1 (Baharon ki manzil) (Lata Mangeshkar) यह दामन अब पार्ट १ (बहारों की मंजिल) (लता मंगेशकर ) janam din aaya part 2 (Bharon ki manzil) (Lata Mangeshkar & Chorus) जनम दिन आया पार्ट 2 (बहारों की मंजिल ) (लता मंगेशकर & चोरुस )
650 ## - SUBJECT ADDED ENTRY--TOPICAL TERM
Topical term or geographic name as entry element Classical Music
General subdivision Excerpts
Geographic subdivision India
9 (RLIN) 19311
700 ## - ADDED ENTRY--PERSONAL NAME
Personal name Laxmikant Pyarelal
9 (RLIN) 19312
700 ## - ADDED ENTRY--PERSONAL NAME
Personal name Majrooh
9 (RLIN) 19313
700 ## - ADDED ENTRY--PERSONAL NAME
9 (RLIN) 19314
942 ## - ADDED ENTRY ELEMENTS (KOHA)
Source of classification or shelving scheme Dewey Decimal Classification
Item type Gramaphone Records
Holdings
Withdrawn status Lost status Source of classification or shelving scheme Damaged status Not for loan Collection code Home library Current library Date acquired Source of acquisition Total Checkouts Barcode Date last seen Copy number Price effective from Koha item type
    Dewey Decimal Classification   Not For Loan Non-fiction Central Library Andrews Gunj 10/09/2010 SED/VEN   GR-01843 10/09/2010 1 10/09/2010 Gramaphone Records

© Delhi Public Library
Hit Counter
free hit counter